MARC

LEADER 00000nam0a2200000 4500
001 57411
005 20231031054216.0
035 |a (RuTPU)RU\TPU\book\60574 
090 |a 57411 
100 |a 20031103d1975 k y0rusy50 ca 
101 0 |a rus 
102 |a RU 
105 |a a z 001zy 
200 1 |a Футеровка цементных вращающихся печей  |f В. И. Шубин 
210 |a Москва  |c Стройиздат  |d 1975 
215 |a 184 с.  |c ил. 
320 |a Список литературы: с. 176-183. 
610 1 |a футеровка 
610 1 |a цемент 
610 1 |a печи 
610 1 |a огнеупоры 
610 1 |a спекание 
610 1 |a износ 
610 1 |a подогреватели 
610 1 |a охлаждение 
610 1 |a строительство 
675 |a 666.94.041  |v 3 
700 1 |a Шубин  |b В. И.  |g Владимир Иванович 
801 1 |a RU  |b 63413507  |c 20031103  |g PSBO 
801 2 |a RU  |b 63413507  |c 20080119  |g PSBO 
942 |c BK